| 000 -LEADER |
| fixed length control field |
00700nam a2200181Ia 4500 |
| 001 - CONTROL NUMBER |
| control field |
11847 |
| 003 - CONTROL NUMBER IDENTIFIER |
| control field |
GE_BSU |
| 008 - FIXED-LENGTH DATA ELEMENTS--GENERAL INFORMATION |
| fixed length control field |
181216s||||||||xx |||||||||||||| ||und|| |
| 040 ## - CATALOGING SOURCE |
| Transcribing agency |
GE_BSU |
| 245 ## - TITLE STATEMENT |
| Title |
Микроэлементы в жизни растений и животных: труды конференции по микроэлементам. 1950 |
| 245 ## - TITLE STATEMENT |
| Statement of responsibility, etc. |
Ред.ком.Н.А.Максимов |
| 260 ## - PUBLICATION, DISTRIBUTION, ETC. |
| Place of publication, distribution, etc. |
Москва |
| 260 ## - PUBLICATION, DISTRIBUTION, ETC. |
| Name of publisher, distributor, etc. |
Акад. наук СССР |
| 260 ## - PUBLICATION, DISTRIBUTION, ETC. |
| Date of publication, distribution, etc. |
1952 |
| 300 ## - PHYSICAL DESCRIPTION |
| Extent |
614стр.27см. |
| 653 ## - INDEX TERM--UNCONTROLLED |
| Uncontrolled term |
Микроэлементы в жизни растений и животных: труды конференции по микроэлементам |
| 942 ## - ADDED ENTRY ELEMENTS (KOHA) |
| Koha item type |
წიგნი |